| 000 | 00775nam a22002177a 4500 | ||
|---|---|---|---|
| 999 |
_c7592 _d7592 |
||
| 003 | AR-CdUCM | ||
| 008 | 190320b ||||| |||| 00| 0 spa d | ||
| 040 |
_aMUNICIPALIDAD PROVINCIAL DEL CUSCO _cBIBLIOTECA MUNICIPAL DEL CUSCO |
||
| 082 |
_a575 / _bS21 |
||
| 100 |
_aSánchez Monge Parellada, Enrique _921437 |
||
| 245 | _aGenética general y agrícola / | ||
| 260 |
_aBarcelona : _bSalvat, _c1952. |
||
| 300 |
_a349 páginas ; _bIlustraciones, _c22 cm. |
||
| 440 |
_aColección agrícola salvat _921438 |
||
| 505 | _aMendelismo -- Ligamiento y recombinación -- Mendelismo complejo -- Análisis estadístico ... | ||
| 650 |
_aGenética _95063 |
||
| 650 |
_aGenética aplicada _921439 |
||
| 700 |
_aEsteruelas Rolando, Ramón _921440 |
||
| 942 |
_2ddc _cLIBROS |
||
| 945 | _aacv | ||